000 00590nam a22001937a 4500
005 20251108172041.0
008 250721s9999 xx 000 0 ara d
082 1 4 _aط/211.8/عبد
100 1 _aعبد الرشيد، عاطف
245 1 0 _aكنوز قارون /
264 1 _aالقاهرة :
_bأطفالنا،
_c[19-].
300 _a16ص
490 0 _aسلسلة حكايات قرآنية ؛5
650 1 7 _aقصص القرآن
650 1 7 _aالقرآن الكريم
653 _aأطفال مرحلة متوسطة :( 6 - 9 ) سنوات
942 _2ddc
_cBK
999 _c69160
_d69160